000 00506nam a2200169Ia 4500
008 090711s9999 xx 000 0 und d
082 _b44583
100 _aदेशमुख वसंत गो.
245 _aसरकारी दिवस
260 _c1982
300 _a311
600 _aदेशमुख वसंत गो.
630 _aसरकारी दिवस
700 _aदेशमुख वसंत गो.
730 _aसरकारी दिवस
942 _cBOOK
999 _c332203
_d332203